000
00492nam a2200181Ia 4500
008
090124s9999 xx 000 0 und d
082
_b
121450
100
_a
मडकईकर भालचंद्र
245
_a
उल्का
250
_a
1
260
_c
1986
300
_a
204
600
_a
मडकईकर भालचंद्र
630
_a
उल्का
700
_a
मडकईकर भालचंद्र
730
_a
उल्का
942
_c
BOOK
999
_c
167536
_d
167536